00699nam a2200241 a 4500001001300000003000900013005001700022008004100039020002300080082001600103100001600119245004000135260003100175300000900206500003500215505001000250650003200260700001600292902000800308942000700316952011700323999001700440nice12345678IN_TiNIC20260116014739.0050524s1994 newa grp 000 0 eng  a0385740 c71900a968.06bALL aAllen, John aRainbow People of God, Desmond Tutu aNew YorkbDoubleday c1994 a281p aincludes index and biblioraphy2 aIndex aSouth Africa-Race Relations1 aAllen, John bSRS cBK 001040708StackRoom-aHMIbHMId2008-10-17g719.00l0o968.06 ALLp020692r2008-10-17v719.00w2005-05-24yBK c16749d16749